| 000 | 00962nam a22003137a 4500 | ||
|---|---|---|---|
| 003 | CHAP | ||
| 005 | 20220817042456.0 | ||
| 008 | 971013s1973 r 00010 d | ||
| 010 | _a45785 | ||
| 011 | _a46757 | ||
| 035 | _a50898 | ||
| 040 | _cCHAP | ||
| 082 |
_a580.12 _bU5 |
||
| 110 | _aUNESCO | ||
| 245 | _aClasificación internacional y cartografía de la vegetación | ||
| 260 |
_a(Paris) : _bUNESCO, _c1973 |
||
| 300 |
_a93 p. _b; mapa |
||
| 490 |
_aEcology and conservation _v; 6 |
||
| 590 |
_aBATCH-UPD _b10 _c20130110 _lUCH01 _h2011 |
||
| 590 |
_aBATCH-UPD _b10 _c20130410 _lUCH01 _h1330 |
||
| 590 |
_aBATCH-UPD _b10 _c20130914 _lUCH01 _h0732 |
||
| 590 |
_aCONVERSION _b10 _c20130109 _lUCH01 _h1325 |
||
| 650 | 1 | 4 |
_aBotánica _xClasificación. _914516 |
| 650 | 1 | 4 |
_aFitogeografía. _941157 |
| 830 | 0 |
_aEcology and conservation _v; 6 _935197 |
|
| 901 | _aBK | ||
| 942 | _cLIBRO | ||
| 949 |
_a580.12 U5 _bBC _cLIBRO _d33724000519609 _eLIBRO _h41665 _i50898 _mD _si |
||
| 999 |
_c45785 _d45785 |
||